Statistics for Five Most Guessed Capital Cities by Continent

Click here to take the quiz!

General Stats

  • This quiz has been taken 33,840 times
    (19,096 since last reset)
  • The average score is 23 of 30

Answer Stats

ContinentCapital City% Correct
EuropeParis
98%
EuropeLondon
98%
North AmericaWashington D.C.
97%
EuropeBerlin
94%
North AmericaMexico City
93%
AsiaTokyo
93%
AsiaBeijing
93%
EuropeRome
93%
EuropeMadrid
92%
AfricaCairo
90%
South AmericaBrasília
88%
OceaniaCanberra
87%
North AmericaOttawa
86%
South AmericaBuenos Aires
84%
AsiaNew Delhi
82%
OceaniaWellington
81%
AfricaPretoria, etc...
80%
South AmericaLima
77%
South AmericaSantiago
74%
North AmericaHavana
73%
South AmericaBogotá
72%
AsiaSeoul
70%
North AmericaPanama City
62%
AfricaNairobi
58%
AfricaAlgiers
58%
AfricaTunis
58%
AsiaJerusalem
44%
OceaniaPort Moresby
36%
OceaniaSuva
34%
OceaniaApia
26%

Score Distribution

Percentile by Number Answered

Percent of People with Each Score

Your Score History

You have not taken this quiz since the last reset